00460nam a2200145Ia 4500003000900000008004100009020002600050020002700076040001600103100002100119245005700140260003200197300002000229856006500249IN-BaIIA211028s9999 xx s 000 0 eng d a9780819421494 (Print) a9780819480439 (Online) cIIA Library aWeeks, Arthur R. 0aFundamentals of Electronic Image Processingh[eBook] aWashington, USAbSPIEc1996 aOnline resource uhttps://doi.org/10.1117/3.227778yClick Here to Access eBook